000
00310nam a2200121Ia 4500
008
220204s9999 xx 000 0 und d
082
_a
633.2
_b
MAY
245
0
_a
Forage fertilization
260
_a
Madison
_b
American Soc of Agronomy
_c
1974
650
_a
Forage fertilization
700
_a
MAYS, D A
942
_c
BK
999
_c
31919
_d
31919